Word Ladder: Nicholas Sparks Novels Quiz Stats

 Plays Quiz Updated Apr 14, 2015

Score 0/36 Timer 04:00
0 Plays Today
Clue 4-Letter Word % Correct
Oak, elm, pine, e.g.TREE
97.3%
At no costFREE
96.8%
Having no hair on the headBALD
93%
★ ''____ John'' ★★ DEAR ★
92.1%
Divider between roomsWALL
91.9%
Part of plant used to grow new plantSEED
91.8%
AidHELP
91.7%
Savage or MacMurray, e.g.FRED
90.4%
Kept in hand; graspedHELD
90.4%
★'' _____ Haven'' ★★ SAFE ★
90.4%
Fable; mythTALE
90.2%
More than average statureTALL
90.1%
Tightly closed handFIST
90%
Clearance; dealSALE
89.9%
Deliver; shipSEND
89.7%
Animal food; fodderFEED
89.6%
★ ''A _____ in the Road'' ★★ BEND ★
89.2%
Kodiak, brown, black, e.g.BEAR
89.1%
Clue 4-Letter Word % Correct
★ ''The _____ Song'' ★★ LAST ★
89%
★ ''A ____ to Remember'' ★★ WALK ★
88.5%
Select actors for a playCAST
88%
Wapiti, fallow, white-tail, e.g.DEER
87.7%
RosterLIST
86.4%
Informal restaurantCAFÉ
85.7%
Daring; adventurousBOLD
85.2%
Precious stone; metal worn as decorationBEAD
83.9%
Pitcher's errorBALK
83.4%
★ ''_____ Believer'' ★★ TRUE ★
82.8%
Small handbag for makeupCASE
82.5%
★ ''Three Weeks _____ My Brother'' ★★ WITH ★
78.8%
White, clown, zebra, e.g.FISH
78.7%
Desire; wantWISH
78.6%
Uriah ____ from ''David Copperfield''HEEP
78.2%
Extending far down from the topDEEP
77.5%
Shape or formMOLD
70.9%
Display cards in the hand for a scoreMELD
69.2%

Today's Daily Dose

You're not logged in!

Compare scores with friends on all Sporcle quizzes.
OR
Log In

Sporcle TV

Today on Sporcle TV


Watch our educational content, quiz creation guides, and fun videos on Sporcle TV.

Show Comments

Extras

Top Quizzes Today


Score Distribution

Your Account Isn't Verified!

In order to create a playlist on Sporcle, you need to verify the email address you used during registration. Go to your Sporcle Settings to finish the process.

Report this User

Report this user for behavior that violates our Community Guidelines.

Details: